ბათუმის შოთა რუსთაველის სახელმწიფო უნივერსიტეტის ბიბლიოთეკა

Финансовый менеджмент : (ბიბ.ჩანაწერი № 50296)

000 -LEADER
fixed length control field 00941nam a2200229Ia 4500
001 - CONTROL NUMBER
control field 17236
003 - CONTROL NUMBER IDENTIFIER
control field GE_BSU
005 - DATE AND TIME OF LATEST TRANSACTION
control field 20200204142940.0
008 - FIXED-LENGTH DATA ELEMENTS--GENERAL INFORMATION
fixed length control field 181216s2015ru xx |||||||||||||| ||rus||
020 ## - INTERNATIONAL STANDARD BOOK NUMBER
International Standard Book Number 978238026961
040 ## - CATALOGING SOURCE
Transcribing agency GE_BSU
080 ## - UNIVERSAL DECIMAL CLASSIFICATION NUMBER
Universal Decimal Classification number 657.3(075.8) Т-88
100 ## - MAIN ENTRY--PERSONAL NAME
Personal name Турманидзе,Т.
9 (RLIN) 6774
245 ## - TITLE STATEMENT
Title Финансовый менеджмент :
Remainder of title Учеб.пособ. для студ.вузов,обучающихся по экономическим специальностям /
Statement of responsibility, etc. Т. Турманидзе ; Н. Эриашвили ; Ред : Т. М. Дубович.
264 ## - PRODUCTION, PUBLICATION, DISTRIBUTION, MANUFACTURE, AND COPYRIGHT NOTICE
Place of production, publication, distribution, manufacture Москва :
Name of producer, publisher, distributor, manufacturer Юнити,
Date of production, publication, distribution, manufacture, or copyright notice 2015.
300 ## - PHYSICAL DESCRIPTION
Extent 247 с .:
Dimensions 22 см.
653 ## - INDEX TERM--UNCONTROLLED
keyword Финансовый менеджмент
653 ## - INDEX TERM--UNCONTROLLED
keyword ბუღალტერია
653 ## - INDEX TERM--UNCONTROLLED
keyword ეკონონომიკა
700 ## - ADDED ENTRY--PERSONAL NAME
Personal name Дубович, Т. М.
Relator term რედაქტორი
9 (RLIN) 6775
942 ## - ADDED ENTRY ELEMENTS (KOHA)
Koha item type წიგნი
Source of classification or shelving scheme
ეგზემპლარები
Withdrawn status Lost status Source of classification or shelving scheme Damaged status Not for loan Permanent Location Current Location Shelving location Date acquired Full call number Barcode Date last seen Copy number Price effective from Koha item type
          ბათუმის შოთა რუსთაველის სახელმწიფო უნივერსიტეტის მთავარი ბიბლიოთეკა ბათუმის შოთა რუსთაველის სახელმწიფო უნივერსიტეტის მთავარი ბიბლიოთეკა წიგნსაცავი 2018-12-17 657.3(075.8) Т-88 45249 2018-12-17 45249 2018-12-17 წიგნი